[Event "Witney op-B 10th"]
[Site "Witney"]
[Date "2023.11.05"]
[Round "4"]
[White "Sieczkowski, Adam"]
[Black "Hu, Junyan"]
[Result "1-0"]
[WhiteElo "1947"]
[BlackElo "1398"]
[PlyCount "53"]
[EventDate "2023.11.04"]
[EventType "swiss"]
[EventRounds "5"]
[EventCountry "ENG"]
[SourceTitle "CB46_2023"]
[SourceDate "2023.11.15"]
[SourceVersion "1"]
[SourceVersionDate "2023.11.15"]
[SourceQuality "1"]

1. d4 Nf6 2. c4 e6 3. Nc3 Bb4 4. e3 b6 5. Nge2 Bb7 6. a3 Be7 7. Qc2 c5 8. Nf4 cxd4 9. exd4 d5 10. cxd5 Nxd5 11. Bb5+ Kf8 12. Nfxd5 Bxd5 13. Nxd5 Qxd5 14. Be2 Nc6 15. Be3 Qxg2 16. 0-0-0 Qd5 17. Bc4 Qd6 18. d5 exd5 19. Rxd5 Qc7 20. Ba2 Rc8 21. Kb1 Kg8 22. Rc1 Bf6 23. Qf5 Rf8 24. Qxf6 Qxh2 25. Rg5 g6 26. Rxg6+ hxg6 27. Qxg6# 1-0

[Event "Witney op-B 10th"]
[Site "Witney"]
[Date "2023.11.05"]
[Round "5"]
[White "Sieczkowski, Adam"]
[Black "Staniland, Philip"]
[Result "1-0"]
[WhiteElo "1947"]
[BlackElo "1883"]
[PlyCount "55"]
[EventDate "2023.11.04"]
[EventType "swiss"]
[EventRounds "5"]
[EventCountry "ENG"]
[SourceTitle "CB46_2023"]
[SourceDate "2023.11.15"]
[SourceVersion "1"]
[SourceVersionDate "2023.11.15"]
[SourceQuality "1"]

1. d4 d5 2. c4 dxc4 3. e3 c5 4. Bxc4 cxd4 5. exd4 Nf6 6. Nf3 e6 7. 0-0 Be7 8. Ne5 0-0 9. Nc3 Nc6 10. Nxc6 bxc6 11. Be3 Nd5 12. Qe2 Nxc3 13. bxc3 Qa5 14. Rab1 Bd6 15. Rb3 Qc7 16. Qh5 a5 17. Bd3 g6 18. Qh4 a4 19. Rb2 Ra5 20. f4 Ba6 21. Bxa6 Rxa6 22. Rfb1 Qa5 23. f5 Qxf5 24. Bh6 Rc8 25. g4 Qd3 26. Qf6 Bf8 27. Rb7 Ra7 28. Qxf7+ 1-0

[Event "Witney op-B 10th"]
[Site "Witney"]
[Date "2023.11.04"]
[Round "3"]
[White "Obi, Okwose Marc"]
[Black "Sieczkowski, Adam"]
[Result "1-0"]
[WhiteElo "1979"]
[BlackElo "1947"]
[PlyCount "61"]
[EventDate "2023.11.04"]
[EventType "swiss"]
[EventRounds "5"]
[EventCountry "ENG"]
[SourceTitle "CB46_2023"]
[SourceDate "2023.11.15"]
[SourceVersion "1"]
[SourceVersionDate "2023.11.15"]
[SourceQuality "1"]

1. e4 c5 2. c4 Nc6 3. Nc3 Nf6 4. g3 e5 5. Bg2 d6 6. a3 Be7 7. Rb1 a5 8. Nge2 h5 9. h3 0-0 10. 0-0 Ne8 11. d3 f5 12. f4 h4 13. Be3 hxg3 14. Nxg3 g5 15. Nxf5 exf4 16. Bxf4 Bxf5 17. exf5 Ng7 18. Bd5+ Kh8 19. Be3 Nxf5 20. Qh5+ Kg7 21. Be4 Rh8 22. Qf3 Nh6 23. Nd5 Ne5 24. Qg3 Nhf7 25. Rf5 g4 26. Rbf1 Bg5 27. hxg4 Rh4 28. Bxg5 Nxg5 29. Rxe5 Nxe4 30. Rxe4 Qg5 31. Qf3 1-0

[Event "Witney op-A 9th"]
[Site "Witney"]
[Date "2022.11.05"]
[Round "2"]
[White "Han, Yichen"]
[Black "Sieczkowski, Adam"]
[Result "1-0"]
[WhiteElo "2409"]
[BlackElo "1621"]
[PlyCount "69"]
[EventDate "2022.11.05"]
[EventType "swiss"]
[EventRounds "5"]
[EventCountry "ENG"]
[SourceTitle "CBM 211 Extra"]
[Source "ChessBase"]
[SourceDate "2023.01.31"]
[SourceVersion "1"]
[SourceVersionDate "2023.01.31"]
[SourceQuality "1"]

1. d4 Nf6 2. c4 g6 3. Nc3 d5 4. cxd5 Nxd5 5. Bd2 Nb6 6. e3 Bg7 7. h4 h5 8. Nf3 c6 9. Ng5 e5 10. Qb3 0-0 11. dxe5 Bxe5 12. a4 a5 13. Nce4 N8d7 14. g4 hxg4 15. h5 gxh5 16. Rxh5 Nd5 17. Bc4 N7b6 18. Nxf7 Rxf7 19. Rxe5 Rf5 20. Rxf5 Bxf5 21. Nc5 Nxc4 22. Qxc4 b6 23. Nb3 Qe8 24. 0-0-0 Rd8 25. Rh1 Kf7 26. Rh5 Kg6 27. Rh4 b5 28. Rxg4+ Kh5 29. Rh4+ Kg5 30. Qd4 Ne7 31. Qf4+ Kg6 32. e4 Be6 33. Rh6+ Kg7 34. Qf6+ Kg8 35. Rh8# 1-0

[Event "GBR-ch Online"]
[Site "Chess.com INT"]
[Date "2021.08.05"]
[Round "7"]
[White "Finn, Peter"]
[Black "Sieczkowski, Adam"]
[Result "1-0"]
[WhiteElo "1981"]
[BlackElo "1601"]
[PlyCount "48"]
[EventDate "2021.07.30"]
[EventType "swiss"]
[EventRounds "9"]
[EventCountry "ENG"]
[SourceTitle "CBM 203 Extra"]
[Source "ChessBase"]
[SourceDate "2021.09.30"]
[SourceVersion "1"]
[SourceVersionDate "2021.09.30"]
[SourceQuality "1"]

1. f4 Nf6 2. Nf3 d5 3. e3 c5 4. Bb5+ Bd7 5. a4 e6 6. d3 Bd6 7. Nc3 0-0 8. e4 Bc7 9. e5 Ne8 10. 0-0 Nc6 11. Bxc6 Bxc6 12. d4 c4 13. b3 Ba5 14. Ne2 Qe7 15. c3 cxb3 16. Ba3 Qd7 17. Bxf8 Kxf8 18. Qxb3 Rc8 19. Qc2 Kg8 20. g4 f5 21. gxf5 exf5 22. Kf2 Nc7 23. Rg1 Na8 24. Rg5 Nb6 1-0

[Event "GBR-ch Online"]
[Site "Chess.com INT"]
[Date "2021.08.01"]
[Round "3"]
[White "Latypova, Olga L"]
[Black "Sieczkowski, Adam"]
[Result "1-0"]
[WhiteElo "1194"]
[BlackElo "1601"]
[PlyCount "94"]
[EventDate "2021.07.30"]
[EventType "swiss"]
[EventRounds "9"]
[EventCountry "ENG"]
[SourceTitle "CBM 203 Extra"]
[Source "ChessBase"]
[SourceDate "2021.09.30"]
[SourceVersion "1"]
[SourceVersionDate "2021.09.30"]
[SourceQuality "1"]

1. e4 c5 2. Nf3 Nc6 3. d4 cxd4 4. Nxd4 g6 5. c4 Bg7 6. Be3 Nf6 7. Nc3 Ng4 8. Qxg4 Nxd4 9. Qd1 Ne6 10. Qd2 0-0 11. Be2 d6 12. 0-0 a5 13. Nd5 Nc5 14. f3 Be6 15. Rac1 f5 16. exf5 Rxf5 17. Nf4 Bd7 18. Rfd1 Rc8 19. Nd3 b6 20. b3 Qc7 21. Nxc5 bxc5 22. Bd3 Rff8 23. Be4 Rb8 24. h4 Bf5 25. Qd5+ Kh8 26. h5 Bxe4 27. Qxe4 gxh5 28. Qh4 Rf5 29. Bg5 Rg8 30. Bxe7 Be5 31. Qh3 Rf7 32. Bh4 Qc8 33. Qxc8 Rxc8 34. Be1 a4 35. Bc3 Bxc3 36. Rxc3 axb3 37. axb3 Rc6 38. Rcd3 Rf6 39. Rd5 Rf4 40. Rxd6 Rxd6 41. Rxd6 Kg7 42. Rd5 Kf6 43. Rxc5 Rf5 44. Rxf5+ Kxf5 45. Kf2 Ke5 46. Ke3 Kd6 47. Kd4 h4 1-0